000 00574nam a2200181 4500
001 136574
003 ES-MaACL
005 20230906195153.0
007 t|
008 070214s1970 sp r ||||1| spa d
100 1 _aRyder, John D.
_9101106
245 1 0 _aElectrónica
_b: fundamentos y aplicaciones /
_cJohn D. Ryder ; versión española de Jesús Sánchez Izquierdo.
250 _a4ª. ed.
260 _aMadrid :
_bAguilar,
_c1970.
300 _aXIX, 815 p. :
_bil. ;
_c22 cm.
700 1 _aSánchez Izquierdo, Jesús.
_9102708
852 _aES-MaACL
_jC-38528
_bR.72694
999 _c136574
_d136574